Statistics for African Geography by Letter - Z

Click here to take the quiz!

General Stats

  • This quiz has been taken 61 times
  • The average score is 8 of 20

Answer Stats

HintAnswer% Correct
Name of the DR Congo from 1971-1997Zaire
100%
Country with 16 official languagesZimbabwe
100%
Lusaka is the capital of this countryZambia
98%
Autonomous archipelago of TanzaniaZanzibar
97%
Striped animalzebra
95%
Victoria Falls is part of this riverZambezi
93%
Official language in South AfricaZulu
92%
Species of cattle common in east Africazebu
42%
Seventh largest city of Senegal, considered the capital of the Casamance region (south of Gambia)Ziguinchor
15%
City of 750,000 in northern NigeriaZaria
13%
Ruling political party of the above country since 1980ZANU-PF
12%
Capital of Egypt's Sharqia GovernorateZagazig
8%
Medieval Ethiopian dynastyZagwe dynasty
8%
Name used by medieval Muslim geographers to describe the Swahili CoastZanj
8%
Tunisian islandZembra
8%
Largest town in northern Mauritania (population: 45,000)Zouérat
8%
Nearby, smaller Tunisian islandZembretta
7%
Town of 45,000 that is the capital of the Ganzourgou province of Burkina FasoZorgho
7%
Traditional state in northern Nigeria, where the above city is locatedZazzau
5%
City of 400,000 in EgyptZefta
5%

Score Distribution

Percentile by Number Answered

Percent of People with Each Score

Your Score History

You have not taken this quiz